| 000 | 00991nam a2200241 i 4500 | ||
|---|---|---|---|
| 001 | 82935 | ||
| 003 | ES-MaACL | ||
| 005 | 20240116131734.0 | ||
| 007 | t| | ||
| 008 | 210819s2017 xxu 00110 eng d | ||
| 020 | _a978-0-9970166-5-9 | ||
| 100 | 1 |
_aRobinson, Gail Nemetz. _9173350 |
|
| 245 | 1 | 0 |
_aPeaceful conversations : _bpreventing conflict in communication : across cultures, in the workplace, among family & friends / _cGail Nemetz Robinson. |
| 260 |
_aSanta Monica [California, EE. UU.] : _bRiversMoore Books, _c2017. |
||
| 300 |
_aXII, 128 p. ; _c23 cm. |
||
| 650 | 4 |
_aComunicación intercultural. _911198 |
|
| 650 | 4 |
_aLenguaje y cultura. _9141588 |
|
| 852 | 4 |
_aES-MaACL _jA-14734 _985995 _bR.152062 _cDEPO1 _dOlim: N-7734 _gDedicatoria autógrafa de la autora _hDonacion: Gail Nemetz Robinson, Ph D. _xEncuadernación en cartoné |
|
| 903 |
_9173350 _aRobinson, Gail Nemetz _ednr |
||
| 942 |
_2udc _cMONOGRAFIA |
||
| 999 |
_c82935 _d82935 |
||